000
002830000a22000970004500
100
1
_a
Saravia Ríos, Elizabeth
245
1
0
_a
"La cocina es el hombre y sus circunstancias"
300
_a
Vol.0, núm.0 (2007), Página 70
773
0
_t
Arcadia / Andrés Felipe Solano, Editor
942
_c
ANA
999
_c
62328
_d
62328